[Event "Politiken Cup 37th"]
[Site "Helsingor"]
[Date "2015.08.01"]
[Round "9"]
[White "Sigeman, Johan"]
[Black "Carstensen, Jacob"]
[Result "1/2-1/2"]
[WhiteElo "2138"]
[BlackElo "2336"]
[PlyCount "26"]
[EventDate "2015.07.25"]
[EventType "swiss"]
[EventRounds "10"]
[EventCountry "DEN"]
[SourceTitle "CBM 167 Extra"]
[Source "ChessBase"]
[SourceDate "2015.09.14"]
[SourceVersion "1"]
[SourceVersionDate "2015.09.14"]
[SourceQuality "1"]

1. c4 e5 2. Nc3 Nf6 3. Nf3 Nc6 4. e3 Bb4 5. Qc2 Bxc3 6. Qxc3 Qe7 7. a3 a5 8. Be2 d5 9. d4 exd4 10. Nxd4 Nxd4 11. Qxd4 dxc4 12. Qxc4 0-0 13. 0-0 Rd8 1/2-1/2